Ciencia y conducta humana / (Record no. 7781)

MARC details
000 -CABECERA
campo de control de longitud fija 00701nam a2200217 a 4500
005 - FECHA Y HORA DE LA ÚLTIMA TRANSACCIÓN
campo de control 20260109063944.0
008 - ELEMENTOS DE LONGITUD FIJA--INFORMACIÓN GENERAL
campo de control de longitud fija 991125s1977 es 000 0 spa u
035 ## - NÚMERO DE CONTROL DEL SISTEMA
Número de control de sistema UPN01000007781
049 ## - COLECCIÓN
Colección CG
050 #4 - SIGNATURA TOPOGRÁFICA DE LA BIBLIOTECA DEL CONGRESO
Número de clasificación BF125
Número de documento/Ítem S5.28
100 1# - ASIENTO PRINCIPAL--NOMBRE PERSONAL
Nombre de persona Skinner, B. F.
Forma completa/desarrollada del nombre (Burrhus Frederic),
Fechas asociadas al nombre 1904-1990
9 (RLIN) 30021
245 10 - MENCIÓN DE TÍTULO
Título Ciencia y conducta humana /
Mención de responsabilidad, etc. B. F. Skinner ; tr. Ma. Josefa Gallofré.
260 ## - PUBLICACIÓN, DISTRIBUCIÓN, ETC.
Lugar de publicación, distribución, etc. Barcelona, Esp. :
Nombre del editor, distribuidor, etc. Fontanella,
Fecha de publicación, distribución, etc. 1977.
300 ## - DESCRIPCIÓN FÍSICA
Extensión 482 p.
440 #0 - MENCIÓN DE SERIE/ASIENTO SECUNDARIO--TÍTULO
Título Conducta humana ;
Designación de volumen o secuencia 3
590 ## - NOTA LOCAL (RLIN)
Nota local Bibliografía Básica (BGTQ)
590 ## - NOTA LOCAL (RLIN)
Nota local (También localizas un ejemplar en el "Área de Reserva")
650 #4 - ASIENTO SECUNDARIO DE MATERIA - TERMINO TEMATICO
Término de materia o nombre geográfico como elemento de entrada Ciencia
9 (RLIN) 7469
650 #4 - ASIENTO SECUNDARIO DE MATERIA - TERMINO TEMATICO
Término de materia o nombre geográfico como elemento de entrada Conducta (Psicología)
9 (RLIN) 4460
905 ## - TIPO DE MATERIAL
Tipo de material Libro
Holdings
Estado de retiro Estado de pérdida Fuente del sistema de clasificación o colocación Estado dañado No para préstamo Código de colección Localización permanente Ubicación/localización actual Ubicación en estantería Fecha de adquisición Total de préstamos Clasificación Código de barras Fecha visto por última vez Fecha del último préstamo Número de copia Tipo de ítem Koha Restricciones de uso Renovaciones totales En préstamo
    Library of Congress Classification     Colección General Bib. Gregorio Torres Quintero Bib. Gregorio Torres Quintero Planta baja 02/10/2024 38 BF125 S5.28 35658 15/10/2024 02/10/2024 1 Libro      
    Library of Congress Classification     Bibliografía básica Bib. Gregorio Torres Quintero Bib. Gregorio Torres Quintero Colecciones especiales Planta alta 30/01/2023 42 BF125 S5.28 30719 31/12/2020   1 Libro por horas Préstamo por horas    
    Library of Congress Classification     Colección General Bib. Gregorio Torres Quintero Bib. Gregorio Torres Quintero Planta baja   30 BF125 S5.28 20158 31/12/2020   1 Libro      
    Library of Congress Classification     Colección General Bib. Gregorio Torres Quintero Bib. Gregorio Torres Quintero Planta baja 07/10/2024 24 BF125 S5.28 5094 06/03/2026 06/03/2026 1 Libro   1 20/04/2026
    Library of Congress Classification     Colección General Bib. Gregorio Torres Quintero Bib. Gregorio Torres Quintero Planta baja 10/08/2023 35 BF125 S5.28 435 31/12/2020   1 Libro